| 000 | 00676nam a2200277Ia 4500 | ||
|---|---|---|---|
| 005 | 20260320195724.0 | ||
| 008 | 008 262003s9999 xx 000 0 hin d | ||
| 020 | _a9788183618595 | ||
| 037 | _aEBOOK | ||
| 040 | _aCRL | ||
| 040 | _bhin | ||
| 040 | _cCRL | ||
| 041 | _2hin | ||
| 041 | _ahin | ||
| 084 | _qCRL | ||
| 100 |
_a-जयप्रकाश कर्दम _91132893 |
||
| 245 | 0 | _aछप्पर | |
| 250 | _a2nd | ||
| 260 | _bRajkamal | ||
| 260 | _c2017 | ||
| 300 | _a128 | ||
| 856 | _uhttps://ebook.indiaread.in/pdfs/250_chhappar_by_jayprakash_kardam_26-07-2017_final.pdf | ||
| 942 | _cEBOOK | ||
| 999 |
_c1716134 _d1716134 |
||